Next Century Mathematics 9 : (Record no. 5418)

MARC details
000 -LEADER
fixed length control field 00900nam a22002657a 4500
003 - CONTROL NUMBER IDENTIFIER
control field OSt
005 - DATE AND TIME OF LATEST TRANSACTION
control field 20251104000702.0
008 - FIXED-LENGTH DATA ELEMENTS--GENERAL INFORMATION
fixed length control field 251103b |||||||| |||| 00| 0 eng d
020 ## - INTERNATIONAL STANDARD BOOK NUMBER
International Standard Book Number 978-971-06-4966-2
040 ## - CATALOGING SOURCE
Original cataloging agency DWCL - Main Lib
Transcribing agency OC
082 ## - DEWEY DECIMAL CLASSIFICATION NUMBER
Edition number 3rd
Classification number Res. 510 N138 2023
100 ## - MAIN ENTRY--PERSONAL NAME
Personal name Diaz, Zenaida B. [and five others]
245 ## - TITLE STATEMENT
Title Next Century Mathematics 9 :
Remainder of title Into Critical Thinking and Problem Solving /
Statement of responsibility, etc. Zenaida B. Diaz [and five others]
250 ## - EDITION STATEMENT
Edition statement 3rd
260 ## - PUBLICATION, DISTRIBUTION, ETC.
Place of publication, distribution, etc. Quezon City, Philippines :
Name of publisher, distributor, etc. Phoenix Publishing House,
Date of publication, distribution, etc. c2023.
300 ## - PHYSICAL DESCRIPTION
Extent vi, 306 pages :
Other physical details illustrations ;
Dimensions 25 cm.
650 ## - SUBJECT ADDED ENTRY--TOPICAL TERM
Topical term or geographic name entry element 1. Mathematics
700 ## - ADDED ENTRY--PERSONAL NAME
Personal name I. Zenaida B. Diaz
700 ## - ADDED ENTRY--PERSONAL NAME
Personal name II. Maharlika P. Mojica
700 ## - ADDED ENTRY--PERSONAL NAME
Personal name III. Josephine L. Suzara
700 ## - ADDED ENTRY--PERSONAL NAME
Personal name IV. Jesus P. Mercado
700 ## - ADDED ENTRY--PERSONAL NAME
Personal name V. Mirla S. Esparrago
700 ## - ADDED ENTRY--PERSONAL NAME
Personal name VI. Nestor V. Reyes
942 ## - ADDED ENTRY ELEMENTS (KOHA)
Source of classification or shelving scheme Dewey Decimal Classification
Koha item type Book- Reserved
Edition 3rd
Call number suffix Res.
Suppress in OPAC No
952 ## - LOCATION AND ITEM INFORMATION (KOHA)
--
952 ## - LOCATION AND ITEM INFORMATION (KOHA)
--
952 ## - LOCATION AND ITEM INFORMATION (KOHA)
--
Holdings
Withdrawn status Lost status Source of classification or shelving scheme Damaged status Not for loan Home library Current library Shelving location Date acquired Source of acquisition Total Checkouts Full call number Barcode Date last seen Copy number Price effective from Koha item type Uniform Resource Identifier
    Dewey Decimal Classification     Junior High School Library Junior High School Library Reserved 08/14/2023 School Fund   Res. 510 N138 2023 JHS - 21174 11/04/2025 c3 11/04/2025 BK-0 CIRC
    Dewey Decimal Classification     Junior High School Library Junior High School Library Reserved 08/14/2023 School Fund   Res. 510 N138 2023 JHS - 21173 11/04/2025 c2 11/04/2025 BK-0 CIRC
    Dewey Decimal Classification     Junior High School Library Junior High School Library Reserved 08/14/2023 School Fund   Res. 510 N138 2023 JHS - 21172 11/04/2025 c1 11/04/2025 BK-0 CIRC